00325nam a2200121Ia 4500008004500000022001100045041000800056082001400064100001700078245006400095260002800159300001600187240112s1954 FEB xx 000 0 und d a54-609 aeng a618.92705 aCASSESS D.E. aPEDIATRIC CLINICS OF NORTH AMERICA: CARDIOVASCULAR DISEASES bSAUNDERS W.B.c1954 FEB a279,HBcFEB